000 00617nam a2200241Ia 4500
003 0100
008 130303s9999 xx 000 0 und d
020 _a198780842
040 _cARRUPELIB
050 _aJC121.T453F55 1998
100 _aFinnis, John
245 _aAquinas
245 _bmoral, political, and legal theory
260 _aOxford
260 _bOxford University Press
260 _C1998
300 _axxi
300 _b 385p. 25cm.
440 _aFounders of modern political and social thought
650 _bPlato to Luther - Courtly and romantic
700 _aJohn Finnis
942 0 0 _03
999 _c15423
_d15423